| 000 | 00974cam a2200373 4500500 | ||
|---|---|---|---|
| 005 | 20260405001643.0 | ||
| 041 | _afre | ||
| 042 | _adc | ||
| 100 | 1 | 0 |
_aLacroix, Alexandre _eauthor |
| 245 | 0 | 0 | _aRésonances/ Décembre 2013-Janvier2014 |
| 260 | _c2013. | ||
| 500 | _a47 | ||
| 690 | _aAnimal | ||
| 690 | _aCohabitation | ||
| 690 | _aDroit | ||
| 690 | _aElisabeth de Fontenay | ||
| 690 | _aEurope | ||
| 690 | _aExil | ||
| 690 | _aIraël | ||
| 690 | _aJudith Butler | ||
| 690 | _aLampedusa | ||
| 690 | _aMasochisme | ||
| 690 | _aMigrants | ||
| 690 | _aPalestine | ||
| 690 | _aPeter Singer | ||
| 690 | _aPétition | ||
| 690 | _aPolanski | ||
| 690 | _aréfugiés | ||
| 690 | _aSacher-Masoch | ||
| 690 | _aTom Regan | ||
| 690 | _aUtilitarisme | ||
| 786 | 0 | _nPhilosophie magazine | 75 | 12 | 2013-12-01 | p. 8-8 | 1951-1787 | |
| 856 | 4 | 1 | _uhttps://shs.cairn.info/magazine-philosophie-magazine-2013-12-page-8?lang=fr&redirect-ssocas=7080 |
| 999 |
_c2049724 _d2049724 |
||